<?xml version="1.0" encoding="UTF-8"?><?xml-stylesheet type="text/xsl" href="static/style.xsl"?><OAI-PMH xmlns="http://www.openarchives.org/OAI/2.0/" xmlns:xsi="http://www.w3.org/2001/XMLSchema-instance" xsi:schemaLocation="http://www.openarchives.org/OAI/2.0/ http://www.openarchives.org/OAI/2.0/OAI-PMH.xsd"><responseDate>2026-04-17T04:17:42Z</responseDate><request verb="GetRecord" identifier="oai:www.recercat.cat:11351/12032" metadataPrefix="marc">https://recercat.cat/oai/request</request><GetRecord><record><header><identifier>oai:recercat.cat:11351/12032</identifier><datestamp>2025-10-24T10:29:16Z</datestamp><setSpec>com_2072_378070</setSpec><setSpec>com_2072_378040</setSpec><setSpec>col_2072_378092</setSpec></header><metadata><record xmlns="http://www.loc.gov/MARC21/slim" xmlns:dcterms="http://purl.org/dc/terms/" xmlns:xsi="http://www.w3.org/2001/XMLSchema-instance" xmlns:doc="http://www.lyncode.com/xoai" xsi:schemaLocation="http://www.loc.gov/MARC21/slim http://www.loc.gov/standards/marcxml/schema/MARC21slim.xsd">
   <leader>00925njm 22002777a 4500</leader>
   <datafield ind2=" " ind1=" " tag="042">
      <subfield code="a">dc</subfield>
   </datafield>
   <datafield ind2=" " ind1=" " tag="720">
      <subfield code="a">Onken, Marlies</subfield>
      <subfield code="e">author</subfield>
   </datafield>
   <datafield ind2=" " ind1=" " tag="720">
      <subfield code="a">Lohse, Lukas</subfield>
      <subfield code="e">author</subfield>
   </datafield>
   <datafield ind2=" " ind1=" " tag="720">
      <subfield code="a">Coulm, Bénédicte</subfield>
      <subfield code="e">author</subfield>
   </datafield>
   <datafield ind2=" " ind1=" " tag="720">
      <subfield code="a">Beghin, Delphine</subfield>
      <subfield code="e">author</subfield>
   </datafield>
   <datafield ind2=" " ind1=" " tag="720">
      <subfield code="a">Richardson, Jonathan</subfield>
      <subfield code="e">author</subfield>
   </datafield>
   <datafield ind2=" " ind1=" " tag="720">
      <subfield code="a">BERMEJO-SANCHEZ, EVA</subfield>
      <subfield code="e">author</subfield>
   </datafield>
   <datafield ind2=" " ind1=" " tag="720">
      <subfield code="a">Bosch Ferrer, Montserrat</subfield>
      <subfield code="e">author</subfield>
   </datafield>
   <datafield ind2=" " ind1=" " tag="720">
      <subfield code="a">Aguilera, Cristina</subfield>
      <subfield code="e">author</subfield>
   </datafield>
   <datafield ind2=" " ind1=" " tag="260">
      <subfield code="c">2024-10-08T06:18:35Z</subfield>
   </datafield>
   <datafield ind2=" " ind1=" " tag="260">
      <subfield code="c">2024-10-08T06:18:35Z</subfield>
   </datafield>
   <datafield ind2=" " ind1=" " tag="260">
      <subfield code="c">2024-11</subfield>
   </datafield>
   <datafield ind2=" " ind1=" " tag="520">
      <subfield code="a">Modafinil; Fetal development; Teratology</subfield>
   </datafield>
   <datafield ind2=" " ind1=" " tag="520">
      <subfield code="a">Modafinilo; Desarrollo fetal; Teratología</subfield>
   </datafield>
   <datafield ind2=" " ind1=" " tag="520">
      <subfield code="a">Modafinil; Desenvolupament fetal; Teratologia</subfield>
   </datafield>
   <datafield ind2=" " ind1=" " tag="520">
      <subfield code="a">Objective&#xd;
In recent years, safety concerns about modafinil exposure during pregnancy have emerged. In particular, increased risks for major congenital anomalies (MCA) and impaired fetal growth were reported, although study results were conflicting. Our investigation aims to examine previously reported safety signals.&#xd;
Method&#xd;
Multicenter case series based on data from 18 Teratology Information Services from 12 countries. Modafinil exposed pregnancies with an estimated date of birth before August 2019 were included in this study. For prospectively ascertained pregnancies, cumulative incidences of pregnancy outcomes, rate of nonchromosomal MCA in first trimester exposed pregnancies and percentiles of neonatal/infant weight and head circumference (HC) were calculated. Potential dose-dependent effects on fetal growth were explored by linear regression models. Retrospectively ascertained cases were screened for pattern of MCA and other adverse events.&#xd;
Results&#xd;
One hundred and seventy-five prospectively ascertained cases were included, of which 173 were exposed at least during the first trimester. Cumulative incidences for live birth, spontaneous abortion and elective termination of pregnancy were 76.9% (95% CI, 68.0%–84.8%), 9.3% (95% CI, 5.0%–16.9%), and 13.9% (95% CI, 8.1%–23.1%), respectively. Nonchromosomal MCA was present in 3/150 live births, corresponding to an MCA rate of 2.0% (95%CI, 0.6%–6.1%), none were reported in pregnancy losses. Compared to reference standards, birth weight (BW) tended to be lower and neonatal HC to be smaller in exposed newborns (data available for 144 and 73 of 153 live births, respectively). In nonadjusted linear regression models, each 100 mg increase of average dosage per pregnancy day was associated with a decrease in standard deviation score (SDS) of −0.28 SDS (95% CI, −0.45 to −0.10) for BW and of −0.28 SDS (95% CI, −0.56 to 0.01) for HC. Screening of 22 retrospectively reported cases did not reveal any specific pattern of MCA or other adverse outcomes.&#xd;
Conclusion&#xd;
The results do not indicate an increased risk of MCA after in utero exposure to modafinil, but a tendency toward lower BW and reduced neonatal HC. However, these findings should be regarded as preliminary. Until further studies allow for a definite conclusion, modafinil should not be used during pregnancy.</subfield>
   </datafield>
   <datafield ind2=" " ind1=" " tag="520">
      <subfield code="a">The Berlin Embryotox Center of Clinical Teratology and Drug Safety in Pregnancy is financially supported by the German Federal Institute for Drugs and Medical Devices (BfArM); included German study cases were obtained from the Embryotox cohort. The UK Teratology Information Service is funded by the UK Health Security Agency. The Dutch Teratology Information Service is funded by the Ministerie van Volksgezondheid, Welzijn en Sport Research Unit on Congenital Anomalies-UIAC &amp; Spanish Teratology Information Services SITTE and SITE are financially supported by Instituto de Salud Carlos III, Ministerio de Ciencia e Innovación, of Spain.</subfield>
   </datafield>
   <datafield ind1="8" ind2=" " tag="024">
      <subfield code="a">http://hdl.handle.net/11351/12032</subfield>
   </datafield>
   <datafield tag="653" ind2=" " ind1=" ">
      <subfield code="a">Embaràs</subfield>
   </datafield>
   <datafield tag="653" ind2=" " ind1=" ">
      <subfield code="a">Malalties congènites</subfield>
   </datafield>
   <datafield tag="653" ind2=" " ind1=" ">
      <subfield code="a">Fetus - Trastorns del creixement</subfield>
   </datafield>
   <datafield tag="653" ind2=" " ind1=" ">
      <subfield code="a">Neurofarmacologia</subfield>
   </datafield>
   <datafield tag="653" ind2=" " ind1=" ">
      <subfield code="a">Medicaments - Efectes secundaris</subfield>
   </datafield>
   <datafield tag="653" ind2=" " ind1=" ">
      <subfield code="a">DISEASES::Congenital, Hereditary, and Neonatal Diseases and Abnormalities::Congenital Abnormalities</subfield>
   </datafield>
   <datafield tag="653" ind2=" " ind1=" ">
      <subfield code="a">PHENOMENA AND PROCESSES::Reproductive and Urinary Physiological Phenomena::Reproductive Physiological Phenomena::Reproduction::Pregnancy</subfield>
   </datafield>
   <datafield tag="653" ind2=" " ind1=" ">
      <subfield code="a">PHENOMENA AND PROCESSES::Physiological Phenomena::Growth and Development</subfield>
   </datafield>
   <datafield tag="653" ind2=" " ind1=" ">
      <subfield code="a">CHEMICALS AND DRUGS::Organic Chemicals::Hydrocarbons::Hydrocarbons, Cyclic::Hydrocarbons, Aromatic::Benzene Derivatives::Benzhydryl Compounds::Modafinil</subfield>
   </datafield>
   <datafield tag="653" ind2=" " ind1=" ">
      <subfield code="a">Other subheadings::Other subheadings::Other subheadings::/adverse effects</subfield>
   </datafield>
   <datafield tag="653" ind2=" " ind1=" ">
      <subfield code="a">ENFERMEDADES::enfermedades y anomalías neonatales congénitas y hereditarias::anomalías congénitas</subfield>
   </datafield>
   <datafield tag="653" ind2=" " ind1=" ">
      <subfield code="a">FENÓMENOS Y PROCESOS::fenómenos fisiológicos reproductivos y urinarios::fenómenos fisiológicos de la reproducción::reproducción::embarazo</subfield>
   </datafield>
   <datafield tag="653" ind2=" " ind1=" ">
      <subfield code="a">FENÓMENOS Y PROCESOS::fenómenos fisiológicos::crecimiento y desarrollo</subfield>
   </datafield>
   <datafield tag="653" ind2=" " ind1=" ">
      <subfield code="a">COMPUESTOS QUÍMICOS Y DROGAS::compuestos orgánicos::hidrocarburos::hidrocarburos cíclicos::hidrocarburos aromáticos::derivados del benceno::compuestos de bencidrilo::modafinilo</subfield>
   </datafield>
   <datafield tag="653" ind2=" " ind1=" ">
      <subfield code="a">Otros calificadores::Otros calificadores::Otros calificadores::/efectos adversos</subfield>
   </datafield>
   <datafield ind2="0" ind1="0" tag="245">
      <subfield code="a">Effects of maternal modafinil treatment on fetal development and neonatal growth parameters — a multicenter case series of the European Network of Teratology Information Services (ENTIS)</subfield>
   </datafield>
</record></metadata></record></GetRecord></OAI-PMH>